| 000 | 02563nam0a2200409 4500 | ||
|---|---|---|---|
| 001 | RU\NLR\bibl\1027733 | ||
| 005 | 20250614235803.0 | ||
| 010 |
_a5-7186-0175-5 _9200 |
||
| 021 |
_aRU _b2006-74089 _93745 |
||
| 035 | _a(nilc)EL/0000096366 | ||
| 035 | _a(NLR Aleph) 001015227 | ||
| 090 |
_a663821 _c663821 |
||
| 100 | _a20061206d2006 |||y0rusy50 ca | ||
| 101 | 0 | _arus | |
| 102 | _aRU | ||
| 105 | _aa z ||||| | ||
| 200 | 1 |
_aОрганизация социального консультирования населения _e(на примере Орджоникидзевского района Екатеринбурга) _fМ.Ф. Черкасова, О.С. Завитаева, Н.В. Молчанова, И.Е. Левченко _gФедер. агентство по образованию, Гос. образоват. учреждение высш. проф. образования "Рос. гос. социал. ун-т", Урал. ин-т социал. образования (фил. РГСУ в г. Екатеринбурге), Свердл. регион. отд-ние Нац. общ. ком. "Рос. семья" |
|
| 210 |
_aЕкатеринбург _cУральский институт социального образования _d2006 |
||
| 215 |
_a163 с., [2] л. цв. ил. _cил. _d21 |
||
| 300 | _aНа 3-й с. обл. авт.: М.Ф. Черкасова к.п.н., проф., О.С. Завитаева преп., Н.В. Молчанова к.психол.н., доц., И.Е. Левченко к.филос.н., доц. | ||
| 320 | _aиблиогр.: с. 151-161 (136 назв.) | ||
| 606 | 1 |
_aПсихосоциальная работа _92175760 _3RU\NLR\auth\661308591 |
|
| 610 | 0 | _aСоциальное консультирование | |
| 686 |
_a65.9(2)27(2Р36) _vLBC/RL _2rubbk |
||
| 686 | _aС550.473 | ||
| 701 | 1 |
_aЧеркасова _bМ. Ф. _gМария Филипповна _4070 |
|
| 701 | 1 |
_aЗавитаева _bО. С. _gОльга Сергеевна _4070 |
|
| 701 | 1 |
_4070 _aМолчанова _bН. В. _cканд. психол. наук, подготовка соц. работников _gНаталья Владимировна _9137475 _3RU\NLR\AUTH\770137510 |
|
| 701 | 1 |
_aЛевченко _bИ. Е. _gИлья Евгеньевич _4070 |
|
| 801 | 0 |
_aRU _bСвердловская ОУНБ _c20061206 _grcr |
|
| 801 | 1 |
_aRU _bСвердловская ОУНБ _c20061206 |
|
| 801 | 2 |
_aRU _bNLR _c20061225 _grcr |
|
| 830 | _aавт. по кн. | ||
| 942 | _cBOOK | ||
| 980 | _aNB | ||